000 00645nam a2200277Ia 4500
005 20260324141112.0
008 008 260324s9999 xx 000 0 eng d
020 _a9781315809984
037 _aEBOOK
040 _aCRL
040 _beng
040 _cCRL
041 _2eng
041 _aeng
084 _qCRL
100 _aDiane Steinbach
_91206926
245 2 _aA Practical Guide to Art Therapy Groups
260 _bTaylor and Francis
260 _c1997
365 _a
365 _b99.99
856 _uhttp://www.taylorfrancis.com/books/9781315809984
942 _cEBOOK
999 _c1809671
_d1809671